000 01153nam a22003257a 4500
003 CHAP
005 20220329143448.0
008 091104s1988 mx r 00010 spa d
010 _a97008
011 _a97980
035 _a108655
040 _cCHAP
082 0 4 _a338.18
_bL88
100 0 0 _aLópez Espinosa, Arturo.
_967855
245 1 0 _aAnálisis económico de la asistencia técnica agrícola
_c/por Arturo López Espinoza , Manuel R. Villa Issa y Ernesto Badillo N.
260 _aMontecillos, Méx. :
_bC.P. Centro de Economía, CEICADAR,
_c1988
300 _a148 p. :
_bilus.
590 _aBATCH-UPD
_b10
_c20130110
_lUCH01
_h1549
590 _aBATCH-UPD
_b10
_c20130410
_lUCH01
_h0948
590 _aBATCH-UPD
_b10
_c20130914
_lUCH01
_h0524
590 _aCONVERSION
_b10
_c20130109
_lUCH01
_h1354
650 1 4 _aAgricultura
_xAspectos economicos
_zMexico.
_91312
650 1 4 _aPolítica agrícola.
_990283
700 0 _aBadillo Navarrete, Ernesto.
_99364
700 0 _aVilla Issa, Manuel Rafael.
_9119360
901 _aBK
911 _aen proceso
942 _cLIBRO
949 _a338.18 L88
_bBC
_cLIBRO
_d33724002121884
_eLIBRO
_gI.c/e
_h111275
_i108655
_sb
999 _c97008
_d97008